Planificación de sistemas de distribución de energía eléctrica
Guardado en:
| Hovedforfatter: | |
|---|---|
| Format: | Bog |
| Udgivet: |
San José, C.R.
1998
|
| Fag: | |
| Tags: |
Tilføj Tag
Ingen Tags, Vær først til at tagge denne postø!
|
MARC
| LEADER | 00000nam a2200000Ia 4500 | ||
|---|---|---|---|
| 003 | 007854 | ||
| 005 | 20221231144218.0 | ||
| 008 | 140114s1998 cr a m 000 ||s d | ||
| 040 | |c cru CEDI | ||
| 090 | |a TFG 3979 | ||
| 100 | |a Ortiz Oviedo, Eduardo Alonso |9 8726 | ||
| 245 | |a Planificación de sistemas de distribución de energía eléctrica | ||
| 260 | |c 1998 |a San José, C.R. | ||
| 300 | |a 162 páginas | ||
| 500 | |a Tesis (Magister Scientiae)--Universidad de Costa Rica. Sistema de Estudios de Posgrado en Ingeniería Eléctrica | ||
| 650 | |x DISTRIBUCION DE ENERGIA ELECTRICA |x SISTEMAS DE ENERGIA ELECTRICA |9 8727 | ||
| 942 | |c TFG | ||
| 999 | |c 18508 |d 18508 | ||
